[Event "World Rapid 2015"]
[Site "Berlin GER"]
[Date "2015.10.12"]
[Round "12.44"]
[White "Seirawan, Yasser"]
[Black "Al-Sayed, Mohammed"]
[Result "1/2-1/2"]
[WhiteElo "2620"]
[BlackElo "2520"]
[PlyCount "104"]
[EventDate "2015.10.10"]
[EventType "rapid"]

1. d4 Nf6 2. c4 g6 3. Nc3 Bg7 4. e4 d6 5. Bd3 O-O 6. Nge2 Nc6 7. O-O e5 8. d5
Nd4 9. Bg5 c5 10. Qd2 Qa5 11. Nxd4 cxd4 12. Nb5 Qxd2 13. Bxd2 Rd8 14. b4 a6 15.
Nc7 Rb8 16. c5 Rd7 17. Nxa6 bxa6 18. c6 Ra7 19. a4 Ne8 20. Rfb1 Bf6 21. b5 Bd8
22. bxa6 Rba8 23. Rb7 Nc7 24. Ba5 Bxb7 25. cxb7 Rb8 26. Bxc7 Bxc7 27. Rc1 Raxb7
28. axb7 Rxb7 29. Kf1 Kf8 30. Bb5 Ke7 31. Ke2 Ba5 32. Rc8 Rc7 33. Re8+ Kf6 34.
Bc6 Ra7 35. Kd3 h5 36. f3 h4 37. Rh8 Kg5 38. g3 hxg3 39. hxg3 Kf6 40. f4 Be1
41. fxe5+ Kxe5 42. Re8+ Kf6 43. e5+ dxe5 44. d6 Ba5 45. d7 Ra6 46. Bb5 Rd6 47.
Ra8 Bc7 48. Rc8 Bb6 49. Rb8 Ba5 50. Ra8 Bc7 51. Rc8 Ba5 52. Ra8 Bc7 1/2-1/2

[Event "World Rapid 2015"]
[Site "Berlin GER"]
[Date "2015.10.12"]
[Round "12.45"]
[White "Bachmann, Axel"]
[Black "Svane, Rasmus"]
[Result "1-0"]
[WhiteElo "2593"]
[BlackElo "2543"]
[PlyCount "77"]
[EventDate "2015.10.10"]
[EventType "rapid"]

1. g3 d5 2. Nf3 Bg4 3. Bg2 e6 4. O-O Nf6 5. d3 Be7 6. h3 Bh5 7. Nbd2 O-O 8. g4
Bg6 9. Nh4 c5 10. e4 Nc6 11. exd5 Nxd5 12. Nxg6 hxg6 13. Nc4 Qd7 14. a4 g5 15.
c3 Rad8 16. a5 Qc7 17. Qe2 Rd7 18. h4 gxh4 19. f4 Rfd8 20. Qf2 b5 21. axb6 axb6
22. g5 b5 23. Nd2 h3 24. Bxh3 Nb6 25. Ne4 Rxd3 26. Bg2 Rd1 27. f5 exf5 28. Qxf5
Rxf1+ 29. Qxf1 c4 30. Bf4 Qd7 31. Bh3 Qd5 32. Re1 Na4 33. g6 f5 34. Ng3 Rf8 35.
Qe2 Bc5+ 36. Kh2 Ne7 37. Qh5 Rf6 38. Bg2 Qd7 39. Rxe7 1-0

[Event "World Rapid 2015"]
[Site "Berlin GER"]
[Date "2015.10.12"]
[Round "12.49"]
[White "Shchekachev, Andrei"]
[Black "Alekseev, Evgeny"]
[Result "1-0"]
[WhiteElo "2531"]
[BlackElo "2642"]
[PlyCount "79"]
[EventDate "2015.10.10"]
[EventType "rapid"]

1. Nf3 c5 2. e3 d5 3. b3 a6 4. c4 d4 5. Ba3 Qb6 6. exd4 cxd4 7. Be2 g6 8. O-O
Bg7 9. d3 Nc6 10. Nbd2 Nf6 11. b4 O-O 12. Rb1 Qc7 13. Qc1 Nh5 14. b5 Nf4 15.
Re1 Ne5 16. Nxe5 Bxe5 17. Bf1 b6 18. c5 axb5 19. cxb6 Qxc1 20. Bxc1 f6 21. Rxb5
Ba6 22. Rb3 Rac8 23. Nf3 Rc3 24. Bxf4 Bxf4 25. Nxd4 Rxb3 26. Nxb3 Rb8 27. Rxe7
Rxb6 28. d4 Bxh2+ 29. Kxh2 Bxf1 30. Ra7 Rd6 31. f3 f5 32. Kg3 Bc4 33. Nc5 Rxd4
34. Ra4 f4+ 35. Kh2 g5 36. a3 g4 37. fxg4 f3 38. gxf3 Rd2+ 39. Kg3 Bd5 40. Ne4
1-0

[Event "World Rapid 2015"]
[Site "Berlin GER"]
[Date "2015.10.12"]
[Round "12.50"]
[White "Bluebaum, Matthias"]
[Black "Ivanisevic, Ivan"]
[Result "1-0"]
[WhiteElo "2588"]
[BlackElo "2653"]
[PlyCount "71"]
[EventDate "2015.10.10"]
[EventType "rapid"]

1. d4 Nf6 2. c4 c5 3. d5 g6 4. Nc3 Bg7 5. e4 O-O 6. Nf3 e6 7. h3 exd5 8. exd5
Re8+ 9. Be3 Nh5 10. Qd2 Bh6 11. O-O-O Bxe3 12. fxe3 a6 13. g4 Ng3 14. Rg1 Nxf1
15. Rdxf1 b5 16. e4 d6 17. Qh6 Ra7 18. e5 dxe5 19. Ne4 f5 20. gxf5 Bxf5 21.
Nfg5 Bxe4 22. Nxe4 Rf8 23. Ng5 Rf6 24. Ne6 Qe7 25. h4 Qf7 26. Rxf6 Qxf6 27. h5
Rg7 28. Nxg7 Qxg7 29. Qg5 Nd7 30. hxg6 h6 31. Qd8+ Nf8 32. d6 h5 33. Rf1 h4 34.
Rxf8+ Qxf8 35. Qxf8+ Kxf8 36. d7 1-0

[Event "World Rapid 2015"]
[Site "Berlin GER"]
[Date "2015.10.12"]
[Round "12.52"]
[White "Bologan, Viktor"]
[Black "Mikhalevski, Victor"]
[Result "0-1"]
[WhiteElo "2607"]
[BlackElo "2536"]
[PlyCount "84"]
[EventDate "2015.10.10"]
[EventType "rapid"]

1. e4 e5 2. Nf3 Nc6 3. Bc4 Nf6 4. d3 h6 5. O-O d6 6. c3 g6 7. d4 Qe7 8. Re1 Bg7
9. h3 O-O 10. Nbd2 Nh5 11. Nf1 Qf6 12. Ne3 Qd8 13. Ng4 Nf4 14. Bxf4 exf4 15.
Qd2 g5 16. Rad1 h5 17. Ngh2 g4 18. Qxf4 gxf3 19. Nxf3 Qf6 20. Qg3 Qh6 21. Nh4
Ne7 22. f4 Kh8 23. Nf3 Be6 24. Bd3 d5 25. Ng5 dxe4 26. Bxe4 Nf5 27. Qf3 Nd6 28.
Bxb7 Rab8 29. Bd5 Bxd5 30. Qxd5 Rxb2 31. Re7 Rb5 32. Qf3 Bf6 33. Rxc7 Bxg5 34.
fxg5 Rxg5 35. Rc5 Rfg8 36. Kh1 Qg6 37. Re5 Nf5 38. Rd2 f6 39. Re6 Rg3 40. Qc6
Nh4 41. Qb7 Nf3 42. Rf2 Rxh3+ 0-1

[Event "World Rapid 2015"]
[Site "Berlin GER"]
[Date "2015.10.12"]
[Round "12.54"]
[White "Krnan, Tomas"]
[Black "Ghaem Maghami, Ehsan"]
[Result "0-1"]
[WhiteElo "2440"]
[BlackElo "2596"]
[PlyCount "76"]
[EventDate "2015.10.10"]
[EventType "rapid"]

1. e4 c5 2. Nf3 e6 3. d4 cxd4 4. Nxd4 a6 5. Bd3 Nf6 6. O-O Qc7 7. Qe2 d6 8. c4
g6 9. Nc3 Bg7 10. Nb3 O-O 11. h3 Nh5 12. Be3 Nd7 13. Rac1 b6 14. g4 Nhf6 15. f4
Bb7 16. Qf2 Rac8 17. Rfd1 Rfe8 18. Rc2 Qb8 19. Rcd2 Qa8 20. Bf1 b5 21. e5 b4
22. exf6 bxc3 23. fxg7 cxd2 24. Qxd2 d5 25. c5 e5 26. fxe5 Nxe5 27. Nd4 Nc4 28.
Bxc4 dxc4 29. Qf2 Be4 30. Ne2 Bf3 31. Re1 Bxe2 32. Rxe2 Rcd8 33. Re1 Rd3 34.
Bf4 Rxh3 35. Rxe8+ Qxe8 36. Bg3 Qe4 37. Qg2 Qe3+ 38. Bf2 Qc1+ 0-1

[Event "World Rapid 2015"]
[Site "Berlin GER"]
[Date "2015.10.12"]
[Round "12.56"]
[White "Anton Guijarro, David"]
[Black "Ladva, Ottomar"]
[Result "1-0"]
[WhiteElo "2634"]
[BlackElo "2423"]
[PlyCount "99"]
[EventDate "2015.10.10"]
[EventType "rapid"]

1. e4 c5 2. Nc3 e6 3. Nf3 a6 4. d4 cxd4 5. Nxd4 Nc6 6. Nxc6 bxc6 7. Bd3 d5 8.
O-O Nf6 9. Re1 Be7 10. Qf3 O-O 11. Bf4 a5 12. Rad1 Ba6 13. e5 Nd7 14. Qh5 g6
15. Qe2 Qb6 16. Bc1 a4 17. a3 Rfb8 18. Nxa4 Qb7 19. Nc3 Nb6 20. Qg4 Bxd3 21.
cxd3 Qa6 22. Re2 Na4 23. Qxa4 Qxa4 24. Nxa4 Rxa4 25. d4 Rb3 26. Rc2 Ra6 27. Kf1
f6 28. f4 h6 29. Ke2 g5 30. Rd3 Rbb6 31. b4 Kf7 32. Kf3 f5 33. g4 Kg6 34. h3
Bd8 35. Rdc3 Be7 36. Rg2 Ra8 37. Ke2 Rf8 38. gxf5+ Rxf5 39. h4 g4 40. Rxg4+ Kh5
41. Rg7 Bxh4 42. Rh3 Rb8 43. Rg1 Rbf8 44. Kf3 Rg5 45. Rgh1 Rg4 46. a4 Ra8 47.
a5 Rf8 48. Bd2 Rf5 49. a6 Rf7 50. Ra1 1-0

[Event "World Rapid 2015"]
[Site "Berlin GER"]
[Date "2015.10.12"]
[Round "12.57"]
[White "Maze, Sebastien"]
[Black "Hirneise, Tobias"]
[Result "0-1"]
[WhiteElo "2582"]
[BlackElo "2457"]
[PlyCount "130"]
[EventDate "2015.10.10"]
[EventType "rapid"]

1. Nf3 c5 2. e4 d6 3. Bb5+ Bd7 4. c4 a6 5. Bxd7+ Nxd7 6. Nc3 Ngf6 7. O-O e6 8.
d4 cxd4 9. Nxd4 Qc7 10. Qe2 Rc8 11. b3 b5 12. Be3 bxc4 13. Rfc1 Be7 14. f3 O-O
15. Na4 d5 16. bxc4 dxe4 17. c5 Qa5 18. Rc4 Ne5 19. Bd2 Qd8 20. Nb3 Nxc4 21.
Qxc4 exf3 22. gxf3 Qd5 23. Qxd5 Nxd5 24. Rc1 Bd8 25. Kf2 Bc7 26. h3 Rfd8 27.
Rc4 Ne7 28. Be3 Nc6 29. Nb6 Rb8 30. Ke2 Ne7 31. Ra4 Bxb6 32. cxb6 Nd5 33. Rxa6
Nxe3 34. Kxe3 Rd6 35. Nc5 Rdxb6 36. Rxb6 Rxb6 37. a4 Rb4 38. Kd3 Kf8 39. Kc3
Rb1 40. a5 Rb5 41. Nb3 Ke7 42. Kc4 Rb8 43. a6 Kd6 44. Nd4 Kc7 45. Kc5 Rb1 46.
Nb5+ Kb8 47. Nd6 Ka7 48. Nxf7 Kxa6 49. Kd6 Rh1 50. Ng5 h6 51. Nxe6 Rxh3 52.
Nxg7 Rg3 53. Nf5 Rxf3 54. Ke5 h5 55. Ke4 Rf2 56. Nh4 Kb5 57. Nf3 Kc5 58. Kf4
Rg2 59. Ne1 Rg4+ 60. Kf3 Kd4 61. Ng2 Ke5 62. Ne3 Ra4 63. Kg2 Kf4 64. Nd5+ Kg5
65. Ne3 Ra3 0-1

[Event "World Rapid 2015"]
[Site "Berlin GER"]
[Date "2015.10.12"]
[Round "12.58"]
[White "Tari, Aryan"]
[Black "Guliyev, Namig"]
[Result "1-0"]
[WhiteElo "2521"]
[BlackElo "2579"]
[PlyCount "37"]
[EventDate "2015.10.10"]
[EventType "rapid"]

1. c4 e5 2. Nc3 Nf6 3. Nf3 Nc6 4. g3 Bc5 5. Bg2 O-O 6. O-O d6 7. e3 Bb6 8. d4
Bg4 9. d5 Ne7 10. h3 Bd7 11. Bd2 Ne8 12. b4 f5 13. c5 dxc5 14. bxc5 Bxc5 15.
Nxe5 Nd6 16. Na4 Bxa4 17. Qxa4 Ng6 18. Nd7 Qe8 19. Nxc5 1-0

[Event "World Rapid 2015"]
[Site "Berlin GER"]
[Date "2015.10.12"]
[Round "12.59"]
[White "Pavlovic, Milos"]
[Black "Sethuraman, S.P."]
[Result "0-1"]
[WhiteElo "2481"]
[BlackElo "2640"]
[PlyCount "134"]
[EventDate "2015.10.10"]
[EventType "rapid"]

1. Nf3 d5 2. e3 Nf6 3. c4 e6 4. b3 c5 5. g3 Nc6 6. Bg2 g6 7. Bb2 Bg7 8. O-O O-O
9. Ne5 Qc7 10. Nxc6 bxc6 11. Nc3 Nd7 12. Qc2 Nb6 13. Ba3 Nd7 14. Rac1 Ba6 15.
d3 Rfd8 16. Na4 Qa5 17. Rfd1 Rac8 18. Qd2 Qxd2 19. Rxd2 Bf8 20. Rdc2 Ne5 21.
Bf1 d4 22. e4 Nd7 23. f4 f6 24. h4 Kf7 25. Bh3 Be7 26. Re2 h6 27. Rf1 Rc7 28.
Kh2 Rg8 29. g4 g5 30. e5 gxf4 31. Rxf4 Kg6 32. g5 hxg5 33. Bxe6 Rh8 34. Bxd7
Rxd7 35. e6 Rdd8 36. Rf1 Rxh4+ 37. Kg3 Rdh8 38. Bxc5 Rh3+ 39. Kf2 Re8 40. Bxe7
Rh2+ 41. Ke1 Rxe2+ 42. Kxe2 Rxe7 43. Nc5 Bc8 44. Kf3 Bxe6 45. Rf2 Bf5 46. Rh2
Re3+ 47. Kf2 Bxd3 48. Rh8 Re2+ 49. Kf3 Re3+ 50. Kf2 Bb1 51. Rd8 Re5 52. Nd7 Ra5
53. a4 d3 54. Ke3 Bc2 55. Rb8 g4 56. c5 Kf5 57. Rf8 Ke6 58. Nxf6 Ke7 59. Nh7
Rxc5 60. Rg8 Rh5 61. Rg7+ Ke6 62. Rxa7 g3 63. Rg7 Re5+ 64. Kd2 Re2+ 65. Kc3 g2
66. Rg3 Kf5 67. a5 Bb1 0-1

[Event "World Rapid 2015"]
[Site "Berlin GER"]
[Date "2015.10.12"]
[Round "12.61"]
[White "Schneider, Ilja"]
[Black "Stern, Rene"]
[Result "0-1"]
[WhiteElo "2481"]
[BlackElo "2538"]
[PlyCount "116"]
[EventDate "2015.10.10"]
[EventType "rapid"]

1. d4 Nf6 2. Bg5 e6 3. e4 h6 4. Bxf6 Qxf6 5. Nc3 Bb4 6. Qd3 c5 7. e5 Qg6 8.
Qxg6 fxg6 9. O-O-O Bxc3 10. bxc3 O-O 11. Nf3 g5 12. Bd3 cxd4 13. cxd4 Nc6 14.
Be4 Rb8 15. h3 b6 16. d5 Nb4 17. dxe6 dxe6 18. a3 Na6 19. Nd4 Nc5 20. Bf3 Bb7
21. Bxb7 Rxb7 22. f3 a6 23. h4 gxh4 24. Rxh4 Rc7 25. f4 Rd8 26. Kb2 b5 27. Nxb5
Rb8 28. Rd8+ Rxd8 29. Nxc7 Rc8 30. Nxe6 Nxe6 31. f5 Ng5 32. Rd4 Rc5 33. e6 Kf8
34. g4 h5 35. Rd8+ Ke7 36. Rd7+ Kf6 37. e7 Re5 38. Rd6+ Kxe7 39. Rg6 Nf7 40.
gxh5 Rxf5 41. Rxg7 Rxh5 42. Rg6 Nd6 43. Kb3 Kd7 44. c4 Rc5 45. Rg7+ Kc6 46. Rg6
Kc7 47. Rg7+ Kb6 48. Rg6 Rc6 49. Rh6 Nb7 50. Rh4 Re6 51. Rh5 Nc5+ 52. Kb4 a5+
53. Kc3 Re3+ 54. Kb2 a4 55. Rh6+ Re6 56. Rh5 Re2+ 57. Kc3 Re3+ 58. Kb2 Rb3+ 0-1

[Event "World Rapid 2015"]
[Site "Berlin GER"]
[Date "2015.10.12"]
[Round "12.62"]
[White "Breutigam, Martin"]
[Black "Godena, Michele"]
[Result "0-1"]
[WhiteElo "2380"]
[BlackElo "2513"]
[PlyCount "87"]
[EventDate "2015.10.10"]
[EventType "rapid"]

1. d4 d5 2. Bg5 Nd7 3. e3 Ngf6 4. Nd2 e5 5. dxe5 Nxe5 6. Ngf3 Nxf3+ 7. Nxf3 c6
8. Be2 Be7 9. O-O O-O 10. c4 Re8 11. Qb3 Qb6 12. Rfd1 Qxb3 13. axb3 Bf5 14. Nd4
Be4 15. f3 Bg6 16. cxd5 Nxd5 17. Bxe7 Rxe7 18. e4 Nb4 19. Bc4 a6 20. Ne2 b5 21.
Bd3 Rd7 22. Nf4 Rad8 23. Be2 f6 24. Nxg6 hxg6 25. Kf2 g5 26. Rac1 Kf8 27. Rxd7
Rxd7 28. Ke3 Ke7 29. g3 Rd8 30. h3 Rh8 31. Bf1 Kd6 32. Rd1+ Kc7 33. f4 gxf4+
34. gxf4 Rh4 35. Bg2 Nc2+ 36. Kd3 Nb4+ 37. Ke3 Nc2+ 38. Kd3 Nb4+ 39. Ke3 Rh5
40. f5 c5 41. Kf4 Nc6 42. Rd5 Kb6 43. Rd6 Kc7 44. Rd5 0-1

[Event "World Rapid 2015"]
[Site "Berlin GER"]
[Date "2015.10.12"]
[Round "12.63"]
[White "Meister, Jakob"]
[Black "Piorun, Kacper"]
[Result "1-0"]
[WhiteElo "2437"]
[BlackElo "2609"]
[PlyCount "157"]
[EventDate "2015.10.10"]
[EventType "rapid"]

1. d4 Nf6 2. Bf4 e6 3. e3 Be7 4. c4 O-O 5. Nc3 b6 6. Be2 Bb7 7. Bf3 d5 8. Qc2
Nbd7 9. Nge2 Qc8 10. cxd5 exd5 11. O-O a6 12. Rfd1 Rd8 13. Rac1 c5 14. Ng3 g6
15. Bg5 cxd4 16. exd4 Bf8 17. Qd2 Qb8 18. Nf1 Rc8 19. Qf4 Qxf4 20. Bxf4 b5 21.
Ne3 Nb6 22. Be5 Ne4 23. Nexd5 Nxd5 24. Nxe4 Be7 25. Nd6 Bxd6 26. Bxd6 Rd8 27.
Be5 Rd7 28. Rc5 Re8 29. h4 f6 30. Bxd5+ Bxd5 31. Bxf6 Re2 32. b4 Kf7 33. Bg5
Rxa2 34. Re1 Kg7 35. Rc8 Rf7 36. Be3 Rb2 37. Rd8 Bb7 38. d5 Rxb4 39. Rd1 Rc4
40. h5 Rc8 41. h6+ Kf6 42. Rd6+ Ke7 43. Rb6 Kd8 44. Bg5+ Kc7 45. Re6 Kb8 46. d6
Rd7 47. Re7 Bc6 48. Rg7 Kb7 49. Re1 b4 50. Ree7 Rcd8 51. Re3 Rf8 52. Be7 Rh8
53. Bf6 Rf8 54. Bd4 Rf4 55. Bb2 Rh4 56. Ree7 Kc8 57. Rxh7 Rxe7 58. dxe7 Be8 59.
Bf6 b3 60. g3 Rh5 61. Kg2 Rf5 62. Rh8 Kd7 63. Rxe8 Kxe8 64. h7 Rh5 65. h8=Q+
Rxh8 66. Bxh8 Kxe7 67. f4 a5 68. g4 a4 69. Bb2 Ke6 70. Kf3 Kd5 71. f5 gxf5 72.
gxf5 Kc4 73. f6 Kd3 74. f7 Kc2 75. Ba3 b2 76. Bxb2 Kxb2 77. f8=Q a3 78. Qb4+
Ka2 79. Ke2 1-0

[Event "World Rapid 2015"]
[Site "Berlin GER"]
[Date "2015.10.12"]
[Round "12.64"]
[White "Hasangatin, Ramil"]
[Black "Stefansson, Hannes"]
[Result "1/2-1/2"]
[WhiteElo "2509"]
[BlackElo "2602"]
[PlyCount "69"]
[EventDate "2015.10.10"]
[EventType "rapid"]

1. e4 e5 2. Nf3 Nc6 3. Bb5 a6 4. Ba4 Nf6 5. Bxc6 dxc6 6. d3 Bd6 7. Bg5 h6 8.
Bh4 g5 9. Bg3 Qe7 10. Nfd2 Bg4 11. f3 Be6 12. Nc4 Bxc4 13. dxc4 O-O-O 14. Qe2
Bc5 15. Nd2 Nh5 16. O-O-O Nf4 17. Bxf4 exf4 18. Nb3 Be3+ 19. Kb1 Qe6 20. c3 Qe5
21. g4 h5 22. h3 Rd6 23. Rxd6 cxd6 24. Rd1 hxg4 25. hxg4 Rh3 26. Nd4 Bxd4 27.
cxd4 Qh8 28. Rd2 Rh1+ 29. Kc2 Qh3 30. e5 dxe5 31. Qxe5 Qxf3 32. Qe8+ Kc7 33.
Qe7+ Kc8 34. Qe8+ Kc7 35. Qe7+ 1/2-1/2

[Event "World Rapid 2015"]
[Site "Berlin GER"]
[Date "2015.10.12"]
[Round "12.65"]
[White "Rasmussen, Allan Stig"]
[Black "Wagner, Dennis"]
[Result "0-1"]
[WhiteElo "2498"]
[BlackElo "2575"]
[PlyCount "80"]
[EventDate "2015.10.10"]
[EventType "rapid"]

1. d4 Nf6 2. Nf3 g6 3. c4 Bg7 4. Nc3 d5 5. cxd5 Nxd5 6. Na4 Nb6 7. Bf4 O-O 8.
Rc1 Nc6 9. e3 e5 10. Nxe5 Nxe5 11. Bxe5 Bxe5 12. Nxb6 axb6 13. dxe5 Qxd1+ 14.
Kxd1 Rxa2 15. Kc2 Ra5 16. Kb3 Be6+ 17. Bc4 Rb5+ 18. Ka4 Bxc4 19. Rxc4 Rxb2 20.
Ka3 Rb5 21. f4 Rd8 22. Rhc1 c5 23. R1c3 h5 24. h3 h4 25. Rb3 Rxb3+ 26. Kxb3
Rd3+ 27. Kc2 Rxe3 28. Ra4 Re2+ 29. Kd3 Rxg2 30. Ra8+ Kg7 31. Rb8 Rg3+ 32. Ke4
Rxh3 33. Rxb7 Rh1 34. Kf3 Rb1 35. e6 Kf6 36. exf7 Kg7 37. Kg4 c4 38. Kxh4 c3
39. Rc7 Rc1 40. Kg5 c2 0-1

[Event "World Rapid 2015"]
[Site "Berlin GER"]
[Date "2015.10.12"]
[Round "12.66"]
[White "Milanovic, Danilo"]
[Black "Thornton, Giovanni Antonio"]
[Result "1-0"]
[WhiteElo "2469"]
[BlackElo "2207"]
[PlyCount "159"]
[EventDate "2015.10.10"]
[EventType "rapid"]

1. d4 Nf6 2. c4 e6 3. Nc3 Bb4 4. e3 O-O 5. Bd3 d5 6. cxd5 exd5 7. Nge2 Re8 8.
O-O c6 9. f3 c5 10. a3 cxd4 11. axb4 dxc3 12. Nxc3 Nc6 13. b5 Ne5 14. Be2 h5
15. Ra4 b6 16. Rd4 Bb7 17. e4 Qc7 18. f4 Neg4 19. e5 Ne4 20. Nxe4 dxe4 21. h3
Nh6 22. Rd7 Qc5+ 23. Kh2 Bc8 24. Rd5 Qe7 25. Bxh5 Be6 26. Rd4 Rad8 27. Rxd8
Rxd8 28. Qe1 Bc4 29. Be2 Bd3 30. Bxd3 exd3 31. f5 Rd5 32. Bxh6 gxh6 33. Qg3+
Qg5 34. Qf3 Rxe5 35. Qxd3 Qe3 36. Qd8+ Re8 37. Qh4 Re4 38. Qh5 Qg5 39. Qd1 Rf4
40. Rf3 Rxf3 41. Qxf3 Qf6 42. b3 Kh7 43. Qd5 Kg7 44. Kg3 Qg5+ 45. Kf3 Qh5+ 46.
Kf2 Qh4+ 47. Ke2 Qf4 48. Kd3 Qf1+ 49. Kd2 Qf2+ 50. Kc3 Qe3+ 51. Kc4 Qe2+ 52.
Kd4 Qf2+ 53. Kd3 Qf1+ 54. Ke3 Qe1+ 55. Kf3 Qf1+ 56. Kg4 Qe2+ 57. Kh4 Qe7+ 58.
Kg4 Qe2+ 59. Kf4 Qf2+ 60. Kg4 Qe2+ 61. Kg3 Qe3+ 62. Kg4 Qe2+ 63. Qf3 Qxb5 64.
Qc3+ Kg8 65. Qc8+ Kg7 66. Kh5 Qe5 67. h4 Qe3 68. Qc6 Qf4 69. g4 Qf2 70. Qxh6+
Kg8 71. Qg5+ Kf8 72. Qd8+ Kg7 73. Qg5+ Kf8 74. f6 Qc2 75. Qg7+ Ke8 76. Qg8+ Kd7
77. Qxf7+ Kd6 78. Qe7+ Kd5 79. Kh6 Qf2 80. f7 1-0

[Event "World Rapid 2015"]
[Site "Berlin GER"]
[Date "2015.10.12"]
[Round "12.67"]
[White "Abel, Dennes"]
[Black "Shabalov, Alexander"]
[Result "0-1"]
[WhiteElo "2441"]
[BlackElo "2522"]
[PlyCount "64"]
[EventDate "2015.10.10"]
[EventType "rapid"]

1. d4 Nf6 2. c4 b6 3. Nf3 Bb7 4. g3 c5 5. d5 b5 6. Nc3 b4 7. Na4 e6 8. dxe6
fxe6 9. Bg2 Be7 10. O-O O-O 11. a3 Na6 12. axb4 cxb4 13. Bf4 Qc8 14. Bd6 Bxd6
15. Qxd6 Qxc4 16. Ne5 Qb5 17. Bxb7 Qxb7 18. Rad1 Rad8 19. b3 Qb5 20. Nc4 Ne4
21. Qd4 d5 22. Ne5 Qxe2 23. Rde1 Qb5 24. Nd3 Nd2 25. f4 Nxb3 26. Qe3 Rf6 27.
Nab2 Nac5 28. Ne5 a5 29. f5 exf5 30. Qg5 Ne4 31. Qh4 Nbd2 32. Rxf5 Qb6+ 0-1

[Event "World Rapid 2015"]
[Site "Berlin GER"]
[Date "2015.10.12"]
[Round "12.68"]
[White "Munoz Pantoja, Miguel"]
[Black "Bruedigam, Martin"]
[Result "1/2-1/2"]
[WhiteElo "2441"]
[BlackElo "2375"]
[PlyCount "58"]
[EventDate "2015.10.10"]
[EventType "rapid"]

1. e4 e5 2. Nf3 Nc6 3. Bc4 Bc5 4. b4 Bxb4 5. c3 Ba5 6. d4 b5 7. Bxb5 Nxd4 8.
Nxd4 exd4 9. Qxd4 Qf6 10. O-O Bb6 11. Qb4 Ne7 12. Ba3 a5 13. Qa4 O-O 14. Bxd7
Bxd7 15. Qxd7 Rfd8 16. Qb5 Ng6 17. Bc1 Nf4 18. Bxf4 Qxf4 19. Na3 Rd2 20. Nc4
Rxf2 21. Nxb6 Rxf1+ 22. Rxf1 Qe3+ 23. Kh1 cxb6 24. Qd5 Rf8 25. c4 h6 26. e5 Qe2
27. Kg1 Qe3+ 28. Kh1 Qe2 29. Kg1 Qe3+ 1/2-1/2

[Event "World Rapid 2015"]
[Site "Berlin GER"]
[Date "2015.10.12"]
[Round "12.69"]
[White "Choukri, Adel"]
[Black "Seel, Christian"]
[Result "1-0"]
[WhiteElo "2199"]
[BlackElo "2474"]
[PlyCount "87"]
[EventDate "2015.10.10"]
[EventType "rapid"]

1. e4 e5 2. Nf3 d6 3. d4 exd4 4. Nxd4 Nf6 5. Nc3 Be7 6. Be2 O-O 7. O-O Re8 8.
f3 Nbd7 9. Be3 Bf8 10. Qd2 c6 11. Rad1 Ne5 12. Kh1 Ng6 13. Bc4 Qc7 14. Bb3 b5
15. Bg5 Be6 16. Nxe6 fxe6 17. f4 b4 18. Bxf6 gxf6 19. Ne2 Kh8 20. f5 exf5 21.
exf5 Ne5 22. Nf4 d5 23. Ne6 Qf7 24. Qe2 a5 25. Ba4 Rxe6 26. fxe6 Qxe6 27. Rde1
Bg7 28. Qh5 Rf8 29. c3 f5 30. Bc2 Qg6 31. Rxf5 Rxf5 32. Qxf5 Qxf5 33. Bxf5 Bf6
34. g4 Kg7 35. g5 Nc4 36. gxf6+ Kxf6 37. Bxh7 Nxb2 38. cxb4 axb4 39. Rb1 Ke5
40. Rxb2 c5 41. h4 Kd4 42. h5 Kc3 43. Rc2+ Kd4 44. h6 1-0

[Event "World Rapid 2015"]
[Site "Berlin GER"]
[Date "2015.10.12"]
[Round "12.71"]
[White "Carlstedt, Jonathan"]
[Black "Petursson, Margeir"]
[Result "1/2-1/2"]
[WhiteElo "2442"]
[BlackElo "2520"]
[PlyCount "113"]
[EventDate "2015.10.10"]
[EventType "rapid"]

1. c4 e5 2. g3 Nf6 3. Bg2 d5 4. cxd5 Nxd5 5. Nc3 Nb6 6. Nf3 Nc6 7. O-O Be7 8.
d3 O-O 9. Be3 Re8 10. Rc1 Bf8 11. a3 Nd4 12. Bxd4 exd4 13. Nb5 c5 14. b4 a6 15.
bxc5 axb5 16. cxb6 Qxb6 17. Qb3 Be6 18. Qc2 Rec8 19. Qb2 Rxc1 20. Qxc1 Rxa3 21.
Ng5 b4 22. Nxe6 Qxe6 23. Qc4 Qxc4 24. dxc4 b6 25. Be4 Bc5 26. Rb1 Kf8 27. Kf1
Ke7 28. Ke1 g6 29. Kd1 Kd6 30. Bd3 f5 31. Kc2 Ra7 32. Kb3 Rf7 33. Rd1 f4 34. e3
fxe3 35. fxe3 Rf2 36. exd4 Bxd4 37. Kxb4 Rb2+ 38. Ka3 Rxh2 39. Bxg6 Kc5 40. Bf7
Rh3 41. Rd3 h5 42. Be6 Rh1 43. Kb3 Rb1+ 44. Kc2 Re1 45. Bf7 Re2+ 46. Rd2 Re5
47. Rh2 Kb4 48. Kd3 Bc5 49. Rxh5 Re3+ 50. Kd2 Rxg3 51. Bd5 Rg4 52. Rh1 Kb3 53.
Rb1+ Ka2 54. Kc2 Rh4 55. Rb2+ Ka3 56. Rb3+ Ka2 57. Rb2+ 1/2-1/2

[Event "World Rapid 2015"]
[Site "Berlin GER"]
[Date "2015.10.12"]
[Round "12.72"]
[White "Sanal, Vahap"]
[Black "Przybylski, Wojciech"]
[Result "0-1"]
[WhiteElo "2501"]
[BlackElo "2354"]
[PlyCount "74"]
[EventDate "2015.10.10"]
[EventType "rapid"]

1. Nf3 d5 2. g3 Nf6 3. Bg2 c6 4. O-O Bg4 5. d3 Nbd7 6. Nbd2 e5 7. h3 Bxf3 8.
Nxf3 Bd6 9. e4 dxe4 10. dxe4 Qc7 11. Nh4 O-O 12. Nf5 Bc5 13. c3 a5 14. a4 Rfe8
15. Bg5 h6 16. Bh4 Bf8 17. g4 g6 18. Ne3 Bg7 19. Bg3 Nc5 20. Qc2 Ne6 21. Rfd1
Nf4 22. Bf1 Nh7 23. h4 Nf8 24. f3 N8e6 25. Bc4 b5 26. Bf1 Bf8 27. axb5 Bc5 28.
Bf2 cxb5 29. Kh2 Qb6 30. Re1 Red8 31. Kg3 Ra7 32. Rad1 Rad7 33. Rxd7 Rxd7 34.
Bg1 Qd8 35. Qb3 Rd2 36. Qxb5 Be7 37. g5 Bxg5 0-1

[Event "World Rapid 2015"]
[Site "Berlin GER"]
[Date "2015.10.12"]
[Round "12.73"]
[White "Cordeiro, Marco Aurelio Zaror"]
[Black "Gutov, Andrey"]
[Result "1-0"]
[WhiteElo "2228"]
[BlackElo "2384"]
[PlyCount "77"]
[EventDate "2015.10.10"]
[EventType "rapid"]

1. e4 e5 2. Nf3 Nc6 3. Bb5 a6 4. Ba4 Nf6 5. d3 d6 6. h3 g6 7. O-O Bg7 8. Be3
O-O 9. Qd2 b5 10. Bb3 d5 11. exd5 Nxd5 12. Bh6 f6 13. c4 bxc4 14. dxc4 Bxh6 15.
Qxh6 Nf4 16. Nc3 Be6 17. Rad1 Qb8 18. Nd5 Bxd5 19. cxd5 Na5 20. g3 Ne2+ 21. Kg2
Nxb3 22. axb3 Qxb3 23. Rfe1 Rf7 24. Qe3 Nd4 25. Nxd4 Qxe3 26. Rxe3 exd4 27.
Rxd4 Rb8 28. d6 cxd6 29. Rxd6 Rxb2 30. Rxa6 f5 31. Rf3 Re7 32. g4 fxg4 33. hxg4
Rb4 34. g5 Rb5 35. Rg3 Rf7 36. Ra4 Rbf5 37. f3 Kg7 38. Ra3 Rb5 39. Rg4 1-0

[Event "World Rapid 2015"]
[Site "Berlin GER"]
[Date "2015.10.12"]
[Round "12.74"]
[White "Carow, Johannes"]
[Black "Berend, Elvira"]
[Result "1/2-1/2"]
[WhiteElo "2431"]
[BlackElo "2370"]
[PlyCount "143"]
[EventDate "2015.10.10"]
[EventType "rapid"]

1. d4 Nf6 2. c4 g6 3. Nc3 Bg7 4. e4 d6 5. f3 O-O 6. Be3 Nc6 7. Nge2 a6 8. Qd2
Rb8 9. Rc1 e6 10. g3 Bd7 11. Nd1 Nh5 12. g4 Nf6 13. Nf2 b5 14. c5 Qe7 15. Bg2
Ne8 16. O-O f5 17. gxf5 exf5 18. Nf4 dxc5 19. Rxc5 Nd6 20. b3 Nb7 21. Rcc1 fxe4
22. Nd5 Qd6 23. fxe4 Kh8 24. e5 Qa3 25. e6 Be8 26. Nxc7 Ne7 27. Bh6 Nf5 28.
Bxg7+ Kxg7 29. d5 Nbd6 30. Ng4 b4 31. e7 Rf7 32. Ne6+ Kh8 33. Qg5 Qb2 34. Nh6
Rxe7 35. Nxf5 Nxf5 36. Rce1 Rf7 37. Qf4 Rc8 38. Rf2 Qc3 39. Rfe2 Bb5 40. Re4
Bd3 41. Ng5 Rff8 42. Qe5+ Qxe5 43. Rxe5 Bb5 44. Ne6 Rfe8 45. Be4 Nd6 46. Bb1
Bd7 47. Kf2 Nf7 48. R5e4 a5 49. Bd3 Nd6 50. Rh4 Kg8 51. Rf4 Rc3 52. Bb1 Bb5 53.
Rf3 Rcc8 54. Rfe3 Re7 55. h4 Rf7+ 56. Kg3 Re7 57. Kf4 Bd7 58. Ke5 Nf7+ 59. Kd4
Nd6 60. Bd3 Bb5 61. Ke5 Rd7 62. Bxb5 Nxb5 63. Rd3 Nd6 64. Rg1 Nf7+ 65. Ke4 Nd6+
66. Kd4 Nf5+ 67. Ke5 Nxh4 68. d6 Nf5 69. Rd5 Re8 70. Kf6 Rf7+ 71. Ke5 Ng7 72.
d7 1/2-1/2